000
00318nam a22001217a 4500
999
_c
4758
_d
4758
008
250320b ||||| |||| 00| 0 eng d
020
_a
9780230754027
082
_a
823.92
100
_a
Jones,Lara
_e
Author
245
_a
The Mystery Trail
260
_a
20 New Wharf Road,London N1 9RR
_b
Campbell Books
_c
2013
942
_2
ddc